Экспериментальное исследование изменения температуры вблизи поверхности раздела "жидкость-газ"; Интеллектуальные энергосистемы; Т. 1

Dades bibliogràfiques
Parent link:Интеллектуальные энергосистемы: труды IV Международного молодёжного форума, 10-14 октября 2016 г., г. Томск/ Национальный исследовательский Томский политехнический университет (ТПУ), Энергетический институт (ЭНИН).— , 2016
Т. 1.— 2016.— [С. 29-32]
Autor principal: Феоктистов Д. В. Дмитрий Владимирович
Autor corporatiu: Национальный исследовательский Томский политехнический университет (ТПУ) Энергетический институт (ЭНИН) Кафедра теоретической и промышленной теплотехники (ТПТ)
Altres autors: Орлова Е. Г. Евгения Георгиевна, Меньшиков Д. С.
Sumari:Заглавие с титульного экрана
Idioma:rus
Publicat: 2016
Col·lecció:Теплофизика и теоретическая теплотехника
Matèries:
Accés en línia:http://earchive.tpu.ru/handle/11683/36161
Format: MixedMaterials Electrònic Capítol de llibre
KOHA link:https://koha.lib.tpu.ru/cgi-bin/koha/opac-detail.pl?biblionumber=621478

MARC

LEADER 00000naa2a2200000 4500
001 621478
005 20250403072127.0
035 |a (RuTPU)RU\TPU\conf\20094 
035 |a RU\TPU\conf\20093 
090 |a 621478 
100 |a 20170109d2016 k y0rusy50 ca 
101 0 |a rus 
102 |a RU 
105 |a y z 101zy 
135 |a drcn ---uucaa 
181 0 |a i  
182 0 |a b 
200 1 |a Экспериментальное исследование изменения температуры вблизи поверхности раздела "жидкость-газ"  |f Д. В. Феоктистов, Е. Г. Орлова, Д. С. Меньшиков 
203 |a Текст  |c электронный 
225 1 |a Теплофизика и теоретическая теплотехника 
300 |a Заглавие с титульного экрана 
320 |a [Библиогр.: с. 32 (9 назв.)] 
461 1 |0 (RuTPU)RU\TPU\conf\20053  |t Интеллектуальные энергосистемы  |o труды IV Международного молодёжного форума, 10-14 октября 2016 г., г. Томск  |o в 3 т.  |f Национальный исследовательский Томский политехнический университет (ТПУ), Энергетический институт (ЭНИН)  |d 2016 
463 1 |0 (RuTPU)RU\TPU\conf\20054  |t Т. 1  |v [С. 29-32]  |d 2016 
610 1 |a труды учёных ТПУ 
610 1 |a электронный ресурс 
610 1 |a экспериментальные исследования 
610 1 |a температура 
610 1 |a поверхности раздела 
610 1 |a жидкость-газ 
610 1 |a тепловые режимы 
610 1 |a энергоэффективные системы 
610 1 |a фазовые переходы 
700 1 |a Феоктистов  |b Д. В.  |c специалист в области теплотехники  |c доцент; заместитель директора Томского политехнического университета, кандидат технических наук  |f 1983-  |g Дмитрий Владимирович  |y Томск  |3 (RuTPU)RU\TPU\pers\27998  |9 12987 
701 1 |a Орлова  |b Е. Г.  |c специалист в области теплотехники  |c доцент Томского политехнического университета, кандидат физико-математических наук  |f 1991-  |g Евгения Георгиевна  |3 (RuTPU)RU\TPU\pers\32839  |9 16696 
701 1 |a Меньшиков  |b Д. С. 
712 0 2 |a Национальный исследовательский Томский политехнический университет (ТПУ)  |b Энергетический институт (ЭНИН)  |b Кафедра теоретической и промышленной теплотехники (ТПТ)  |3 (RuTPU)RU\TPU\col\18679 
801 2 |a RU  |b 63413507  |c 20170124  |g RCR 
856 4 |u http://earchive.tpu.ru/handle/11683/36161 
942 |c BK